000 00530nam a2200205Ia 4500
003 LK-CoDNM
008 010623t1976 xxu||||| |||| 00| 1 sin d
040 _aLK-CoDNM
_dLK-CoDNM
_eLK-CoDNM
041 _asin
080 _a39
_bWIC
100 _aWickramasinghe, K.D.P.
245 _aඅපේ සංස්කෘතික උරුමය
246 _aOur cultural heritage
260 _bAuthor
_aColombo
_c1976
300 _b240, 21.5 cm
500 _aNo.1
650 _aCulture
650 _aSocial humanism
942 _cBK
999 _c109904
_d109904